| 000 | 00418nam a2200181Ia 4500 | ||
|---|---|---|---|
| 005 | 20240823040942.0 | ||
| 008 | 240823s9999||||xx |||||||||||||| ||und|| | ||
| 041 | _aENGLISH | ||
| 082 | _A301 Q2 | ||
| 100 | _aMahesh Bhatnagar | ||
| 245 | 0 | _aIndustrial Socialogy | |
| 250 | _a1 st | ||
| 260 |
_c2012 _bS chand New D _aNew Delhi |
||
| 500 | _aYES | ||
| 650 |
_asocialogy _bGeneral |
||
| 942 | _cBK | ||
| 999 |
_c204340 _d204340 |
||